000 003060000a22000970004500
245 1 0 _aClimbing the down escalator
300 _aVol.0, núm.0 (Diciembre-Febrero, 2005-2006), Páginas 23-25
520 _aWhy trade is the next chapter of the Make Poverty History campaign.
773 0 _tTeartimes
942 _cANA
999 _c61070
_d61070